00754cam a2200193Ma 4500020002400000020001500024020001800039020001500057020001800072040001000090082002600100100002100126245008300147260003500230300004200265520020400307650002900511700002000540 a078073003952 (pbk.) a0590428535 a9780590428538 a0590434357 a9780590434355 cIDLWE00a970 SCH 1991 A104 Or.1 aKrensky, Stephen10aChildren of the earth and sky :bfive stories about Native American children / aNew York :bScholastic,cc1991 a32 p. :bcol. ill., col. map ;c26 cm aDepicts traditional lifestyles in five different tribes of North American Indians through vignettes set in a time almost two hundred years ago, when they still had much of the continent to themselves 0aIndians of North America1 aWatling, James,